Upstream and downstream impacts of collage merit-based financial aid for low-income students: Ser pilo paga in Colombia (Record no. 514650)

000 -LEADER
fixed length control field 01364nam a22001457a 4500
008 - FIXED-LENGTH DATA ELEMENTS--GENERAL INFORMATION
fixed length control field 201125b ||||| |||| 00| 0 eng d
100 ## - MAIN ENTRY--PERSONAL NAME
Personal name Velez, J.L. Rodriguez, C. and Sanchez, F.
245 ## - TITLE STATEMENT
Title Upstream and downstream impacts of collage merit-based financial aid for low-income students: Ser pilo paga in Colombia
260 ## - PUBLICATION, DISTRIBUTION, ETC. (IMPRINT)
Place of publication, distribution, etc American Economic Journal: Economic Policy
300 ## - PHYSICAL DESCRIPTION
Extent 12(2), May, 2020: p.193-227
520 ## - SUMMARY, ETC.
Summary, etc How does financial aid affect postsecondary enrollment, college choice, and student composition? We present new evidence based on a large-scale program available to high-achieving, low-income students for attending high-quality colleges in Colombia. RD estimates show financial aid eligibility raised immediate enrollment by 56.5 to 86.5 percent, depending on the complier population. This rise, driven by matriculation at private, high-quality colleges, closed the SES enrollment gap among high achievers. Moreover, a DID approach suggests enrollment of aid-ineligible students also improved because college supply expanded in response to heightened demand. With ability stratification largely replacing SES stratification, diversity increased 46 percent at private, high-quality colleges. – Reproduced

773 ## - HOST ITEM ENTRY
Main entry heading American Economic Journal: Economic Policy
906 ## - LOCAL DATA ELEMENT F, LDF (RLIN)
Subject DIP EDUCATION - UNITED STATES
942 ## - ADDED ENTRY ELEMENTS (KOHA)
Item type Articles
Holdings
Withdrawn status Lost status Source of classification or shelving scheme Damaged status Not for loan Permanent location Current location Date acquired Serial Enumeration / chronology Barcode Date last seen Koha item type
          Indian Institute of Public Administration Indian Institute of Public Administration 2020-11-25 12(2), May, 2020: p.193-227 AR124132 2020-11-25 Articles

Powered by Koha